| 000 | 00683nam a22001937a 4500 | ||
|---|---|---|---|
| 005 | 20251108171137.0 | ||
| 008 | 250721s9999 xx 000 0 ara d | ||
| 082 | 1 | 4 | _aط/526.1/بار |
| 100 | 1 | _aباركر، برتا موريس | |
| 245 | 1 | 0 | _aسطح الأرض المتغير / |
| 264 | 1 |
_aالقاهرة : _bالجمعية المصرية لنشر المعرفة والثقافة العالمية، _c[19-]. |
|
| 300 | _a35ص | ||
| 490 | 0 | _aمجموعة الكتب العلمية المبسطة ، 23 | |
| 650 | 1 | 7 | _aالجيولوجيا |
| 650 | 1 | 7 | _aعلم طبقات الأرض |
| 700 | 1 |
_aحسن، محمد يوسف _eترجمة |
|
| 942 |
_2ddc _cBK |
||
| 999 |
_c57714 _d57714 |
||